00629 2200241 4500001002100000005001700021008004100038020002200079035002400101041000800125043001200133082000800145090001900153100002000172245006100192250001000253260003000263300001900293650002000312700002000332850001200352999002300364YOGYA-0511000000096320110512134345.0 ind  a778-602-978-444-2 0010-051100000000962 aInd aYOPDYOG a813 aDep 813bFan S aFANANI, Zhaenal aSujudilah cintamucZhaenal Fanani ;editor Arini Hidayati aCet.1 aYogyakartabLaksanac2011 a264 hlmc20 cm aFiksi Indonesia aHidayati, Arini aYOPDYOG aCB-D.11 2011 - 164